| 000 | 01190cam a2200325 i 4500 | ||
|---|---|---|---|
| 001 | 70171 | ||
| 003 | Mx-PuUPA | ||
| 005 | 20230617122812.0 | ||
| 008 | 230616s2022 sp gr 000 0 spa d | ||
| 020 | _a9788416750580 | ||
| 040 |
_aMx-PuUPA _bspa _cMx-PuUPA _dMx-PuUPA _erda |
||
| 041 | 0 | _aspa | |
| 100 | 1 |
_aCubeiro, Juan Carlos, _914330 _eautor |
|
| 245 | 1 | 0 |
_aComo descubrir y aprovechar el talento de tu organización : _bdiez conceptos para optimizarla / _cJuan Carlos Cubeiro |
| 250 | _aPrimera edición | ||
| 264 | 1 |
_a[España?] : _bEditorial Almuzara, _c2022 |
|
| 300 |
_a150 páginas ; _c21 cm |
||
| 336 |
_2rdacontent _atexto _btxt |
||
| 337 |
_2rdamedia _asin medio _bn |
||
| 338 |
_2rdacarrier _avolumen _bnc |
||
| 490 | 0 | _aColección Pensamiento para la empresa | |
| 650 | 7 |
_2armarc _aLiderazgo _xAspectos morales y éticos |
|
| 650 | 7 |
_2armarc _aLiderazgo inclusivo |
|
| 650 | 7 |
_2armarc _aComportamiento organizacional |
|
| 942 |
_2ddc _cLI _h658.409 _iC962 |
||
| 999 |
_c70171 _d70171 |
||